000 00728nam a2200205 a 4500
005 20140310182427.0
008 110107s19uu xx 00 eng d
020 _a9789712354953
050 _aLB 1525
_b.T236 2010
100 _aTayko, Perla Rizalina
245 _aWhole brain literacy-learning to read/reading to learn:
_ba guidebook for teachers and facilitators of learning using the whole brain literacy approach for skills development in reading /
_c Perla Rizalina Tayko
260 _aQuezon City :
_bRex Bookstore,
_c2010.
300 _a109 p. :
_bill. ;
_c25 cm.
521 _aEDU
546 _aC11748
546 _aC11730
650 _aReading- Development.
700 _aPerla Sunga Intia
942 _cBK
_2lcc
_kLOC
999 _c13297
_d13297